Les joueurs les plus utilisés par Naples - Statistiques

Statistiques générales
  • Ce quiz a été pris 36 fois
  • Le résultat moyen est 7 sur 10
Statistiques - réponses
Joueurs % Correct
4. Kvara
94%
5. Meret
90%
10. Osimhen
84%
2. Di Lorenzo
81%
1. Lobotka
65%
6. Politano
61%
3. Anguissa
58%
9. Zielinski
58%
8. Juan Jesus
52%
7. Rrahmani
35%
Aucun quiz correspondant
Distribution des résultats
% des personnes avec chaque résultat
Percentile par nombre de réponses
Votre historique - résultats
Vous n’avez pas pris ce quiz